Zákon č.328/1991 Zb. o konkurze a vyrovnaní v znení zákona Národnej rady SR č. 122/1993 Z.z. zo dňa 19. mája 1993, ktorým sa mení a dopĺňa zákon o konkurze a vyrovnaní Úplné znenie s účinnosťou od 1. júna 1993

Guardado en:
Detalles Bibliográficos
Otros Autores: Pikna, Pavol
Formato: Libro
Lenguaje:eslovaco
Publicado: Banská Bystrica Emca Consult 1993
Edición:1. vyd.
Materias:
Etiquetas: Agregar Etiqueta
Sin Etiquetas, Sea el primero en etiquetar este registro!

MARC

LEADER 00000nam a2200000 4500
001 c003815
005 20221214083322.6
020 |a 80-901145-2-0 
041 0 |a slo 
044 |a SK 
245 1 0 |a Zákon č.328/1991 Zb. o konkurze a vyrovnaní v znení zákona Národnej rady SR č. 122/1993 Z.z. zo dňa 19. mája 1993, ktorým sa mení a dopĺňa zákon o konkurze a vyrovnaní  |b Úplné znenie s účinnosťou od 1. júna 1993  |c Hl. zost. Pavol Pikna 
250 |a 1. vyd. 
264 1 |a Banská Bystrica  |b Emca Consult  |c 1993 
300 |a 88 s. 
610 2 0 |a konkurzy 
610 2 0 |a vyrovnanie 
610 2 0 |a Slovensko 
610 2 0 |a 1993 
610 2 0 |a komentáre 
610 2 0 |a veritelia 
610 2 0 |a dlžníci 
610 2 0 |a súdnictvo 
700 1 |a Pikna, Pavol